Harry Potter - Q et R - Statistiques

Statistiques générales
  • Ce quiz a été pris 103 fois
  • Le résultat moyen est 8 sur 10
Statistiques - réponses
Descrition Réponse % Correct
Sport des sorciers Quidditch
100%
Meilleure ami de Harry Ron Weasley
96%
Nom du 7ème Harry Potter " Harry Potter et les... " Reliques de la mort
95%
Loup-garou et membre de l'ordre du Phénix Rémus Lupin
95%
Professeur de défense contre les forces du mal dans le premier Quirinus Quirrell
93%
Garde chasse Rubeus Hagrid
89%
Première propriétaire du diadème-horcruxe Rowena Serdaigle
80%
Il à mis un faut Médaillon à la place du vrai Régulus arcturus Black
74%
Mari de Bellatrix Rodolphus Lestrange
56%
Livre sur ce sport Le quidditch à travers les ages
38%
Aucun quiz correspondant
Distribution des résultats
% des personnes avec chaque résultat
Percentile par nombre de réponses
Votre historique - résultats
Vous n’avez pas pris ce quiz